Statistiques concernant Personnages célèbres - Série 07

Cliquez ici pour prendre le quiz!

Statistiques générales

  • Ce quiz a été pris 510 fois
  • Le résultat moyen est 8 sur 15

Statistiques - réponses

Réponse% Correct
Bob Marley
85%
Christian Clavier
85%
Simone Veil
84%
Geneviève de Fontenay
81%
Winston Churchill
76%
Laurent Blanc
73%
Harrison Ford
71%
Jean Rochefort
70%
Cyril Féraud
55%
Josephine Baker
49%
Nathalie Baye
46%
Michel Simon
37%
Mouloudji
16%
Alain Barrière
9%
Marlene Dietrich
9%

Distribution des résultats

Percentile par nombre de réponses

% des personnes avec chaque résultat

Votre développement - résultats

Vous n’avez pas pris ce quiz